Public telecommunications law

সংরক্ষণ করুন:
গ্রন্থ-পঞ্জীর বিবরন
সংস্থা লেখক: International Affairs Bureau
বিন্যাস: গ্রন্থ
ভাষা:Undetermined
প্রকাশিত: Tokyo Nippon Telegraph & Telephone Public Corporation 1972
বিষয়গুলি:
ট্যাগগুলো: ট্যাগ যুক্ত করুন
কোনো ট্যাগ নেই, প্রথমজন হিসাবে ট্যাগ করুন!
Thư viện lưu trữ: Trung tâm Học liệu Trường Đại học Cần Thơ
LEADER 00527nam a2200181Ia 4500
001 CTU_99779
008 210402s9999 xx 000 0 und d
082 |a 343 
082 |b I.61 
110 |a International Affairs Bureau 
245 0 |a Public telecommunications law 
245 0 |c International Affairs Bureau 
260 |a Tokyo 
260 |b Nippon Telegraph & Telephone Public Corporation 
260 |c 1972 
650 |a Telecommunication 
904 |i Hiếu 
980 |a Trung tâm Học liệu Trường Đại học Cần Thơ